| 000 | 00408nam a2200157Ia 4500 | ||
|---|---|---|---|
| 008 | 240729s9999 xx 000 0 und d | ||
| 022 | _a2501-062X | ||
| 245 | 0 | _aRomanian Journal of Internal Medicine | |
| 260 | _aPoland | ||
| 260 | _bSciendo | ||
| 650 | _a Internal medicine | ||
| 650 | _aMedicine | ||
| 856 | _uhttps://doaj.org/toc/cd93bd017c104c5b83d9835e3c038dc2 | ||
| 942 | _2ddc | ||
| 942 | _cDOAJEJ | ||
| 999 |
_c72840 _d72840 |
||
| 945 |
_a1 _bMadushi Gamage _c1 _dMadushi Gamage |
||